Bands By A Dead Member #1 - Statistics

General Stats
  • This quiz has been taken 53 times
  • The average score is 8 of 11
Answer Stats
Hint Answer % Correct
John Lennon The Beatles
98%
Sid Vicious Sex Pistols
83%
Maurice Gibb The Bee Gees
81%
Dennis Wilson The Beach Boys
77%
Malcolm Young AC/DC
75%
Joe Strummer The Clash
69%
Chester Bennington Linkin Park
63%
Chris Cornell Soundgarden
63%
Jerry Garcia The Grateful Dead
58%
Peter Tork The Monkees
54%
Keith Flint The Prodigy
38%
No matching quizzes found
Score Distribution
Percent of People with Each Score
Percentile by Number Answered
Your Score History
You have not taken this quiz